| 000 | 00668nam a22001937a 4500 | ||
|---|---|---|---|
| 999 |
_c15207 _d15207 |
||
| 003 | OSt | ||
| 082 | _2631.75807 JYO/AS | ||
| 088 | _aP 141 | ||
| 100 |
_aJYOTHISSON GEORGE _92771 |
||
| 245 | _aAssessment of roof water harvesting potential and recharge pit design | ||
| 260 |
_aTavanur 2004 _bKelappaji College of Agricultural Engineering and Technology |
||
| 300 | _a60 | ||
| 500 | _aAssessment of roof water harvesting potential and recharge pit design | ||
| 520 | _aAssessment of roof water harvesting potential and recharge pit design | ||
| 700 |
_aLakshmidevi S _92772 |
||
| 700 |
_aSreesha P _92773 |
||
| 700 |
_aEr. Shyla Joseph (Guide) _92708 |
||
| 942 | _cPR | ||